Zmeny vo vodcovstve vyvolané súčasnými megatrendami diplomová práca

Gespeichert in:
Bibliographische Detailangaben
1. Verfasser: Brozmanová, Alžbeta
Körperschaft: Fakulta podnikového manažmentu EU. Katedra manažmentu
Weitere Verfasser: Procházková, Katarína, 1983-
Format: Buch
Sprache:Slowakisch
Veröffentlicht: Bratislava 2023
Tags: Tag hinzufügen
Keine Tags, Fügen Sie das erste Tag hinzu!

MARC

LEADER 00000nbm a2200000 4500
001 0293621
005 20240513143631.5
041 0 |a slo 
044 |a SK 
245 1 0 |a Zmeny vo vodcovstve vyvolané súčasnými megatrendami  |b diplomová práca  |c Alžbeta Brozmanová ; školiteľ: Katarína Procházková 
264 1 |a Bratislava  |c 2023 
300 |a 77 s. 
100 1 |a Brozmanová, Alžbeta 
700 1 |a Procházková, Katarína, 1983- 
710 2 |a Fakulta podnikového manažmentu EU. Katedra manažmentu